000 00540nam a2200181Ia 4500
008 090201s9999 xx 000 0 und d
010 _aKPL-66717
040 _bमराठी
041 _aमराठी
082 _a43239
_b66717
100 _aअरुण शेवते
245 _aरात्ररंग
_cअरुण शेवते
250 _a1
260 _c2005
_bमेहता पब्लिशिंग हाउस
300 _a242
_bमोठा
600 _aरात्ररंग
942 _cBOOK
999 _c240285
_d240285